| 000 | 00585nam a2200217Ia 4500 | ||
|---|---|---|---|
| 003 | OSt | ||
| 005 | 20220928145716.0 | ||
| 006 | a|||||r|||| 00| 0 | ||
| 007 | ta | ||
| 008 | 220927b |||||||| |||| 00| 0 eng d | ||
| 024 | _a82320 | ||
| 037 | _cTextual | ||
| 040 |
_aSDCL _cSDCL _beng |
||
| 041 |
_2eng _aeng |
||
| 082 | _aXjM93, M5 | ||
| 100 |
_aSinha R K Ed. _9489335 |
||
| 245 | 0 |
_aEconomic development and social change in India _bEssays in memory of Dr Ghyanchand. |
|
| 260 | _c1985 | ||
| 942 |
_hXjM93, M5 _cTEXL _2CC |
||
| 999 |
_c835042 _d835042 |
||